000 00463nam a2200157Ia 4500
008 240729s9999 xx 000 0 und d
022 _a2008-0778
245 0 _aInternational Journal of Fertility and Sterility
260 _aIran, Islamic Republic of
260 _bRoyan Institute (ACECR), Tehran
650 _a Medicine (General)
650 _aMedicine
856 _uhttps://doaj.org/toc/632b456dd35848d0a60993e3bb1ef69f
942 _2ddc
942 _cDOAJEJ
999 _c73555
_d73555
945 _a1
_bMadushi Gamage
_c1
_dMadushi Gamage